| 000 | 00779cab a2200217 4500 | ||
|---|---|---|---|
| 001 | ABS51618 | ||
| 008 | 090401t1994 xxu||||| |||| 00| 0 eng d | ||
| 035 | _a(Sirsi) u35443 | ||
| 041 | _aeng | ||
| 100 | _aRaschen, B. | ||
| 245 | _aInformation resources: from luxury to necessity | ||
| 260 | _c1994 | ||
| 350 | _a0 | ||
| 490 |
_aEstates Gazette _v(9443) 29 October 1994, 142-143(2) |
||
| 520 | _aTraces the emergence and development of property information departments among the larger firms of agents, outlining the principal resources and services available. Anticipates future trends in information provision. | ||
| 650 | _aLIBRARIANS | ||
| 650 | _aLIBRARIES | ||
| 690 | _aMANAGEMENT-BUSINESS MANAGEMENT-PROFESSIONAL PRACTICE | ||
| 942 | _n0 | ||
| 948 | _c04/03/1997 | ||
| 999 |
_c23207 _d23207 |
||